000 00270nam a22001217a 4500
082 _a823
_bJAI/F
100 _aJAIN, KULDEEP
245 _aTHE FROG PRINCE
246 _aTHE FROG PRINCE
_bTHE FROG PRINCE
260 _aNEW DELHI
_bPEGASUS
_c2025
300 _a16
942 _cBK
999 _c9158
_d9158